| 000 -LEADER |
| fixed length control field |
00834nam a2200241 a 4500 |
| 020 ## - INTERNATIONAL STANDARD BOOK NUMBER |
| ISBN |
0333574621 |
| 040 ## - CATALOGING SOURCE |
| Transcribing agency |
Uk |
| 041 1# - LANGUAGE CODE |
| Language code of original and/or intermediate translations of text |
fre |
| 082 00 - DEWEY DECIMAL CLASSIFICATION NUMBER |
| Classification number |
595 MAC 1994 C141 Or. |
| 245 00 - TITLE STATEMENT |
| Title |
Warm water crustaceans / |
| 260 ## - PUBLICATION, DISTRIBUTION, ETC. (IMPRINT) |
| Place of publication |
Wageningen, The Netherlands : |
| Name of publisher |
CTA ; |
| Place of publication |
London : |
| Name of publisher |
Macmillan, |
| Year of publication |
1994. |
| 300 ## - PHYSICAL DESCRIPTION |
| Number of Pages |
viii, 160 p. : |
| Other physical details |
ill. (some col.) ; |
| Dimensions |
22 cm. |
| 500 ## - GENERAL NOTE |
| General note |
"Previously published in French as L'écrivisse rouge des marais and Les crustacés tropicaux d'élevage"--T.p. verso. |
| 650 #0 - SUBJECT ADDED ENTRY--TOPICAL TERM |
| Topical Term |
Shrimp culture |
| 650 #0 - SUBJECT ADDED ENTRY--TOPICAL TERM |
| Topical Term |
Crayfish culture |
| 650 #0 - SUBJECT ADDED ENTRY--TOPICAL TERM |
| Topical Term |
Procambarus clarkii |
| 650 #0 - SUBJECT ADDED ENTRY--TOPICAL TERM |
| Topical Term |
Macrobrachium rosenbergii |
| 650 #0 - SUBJECT ADDED ENTRY--TOPICAL TERM |
| Topical Term |
Penaeidae |
| 700 1# - ADDED ENTRY--PERSONAL NAME |
| Personal name |
Arrignon, Jacques. |
| 700 1# - ADDED ENTRY--PERSONAL NAME |
| Personal name |
Beveridge, Malcolm C. M. |
| 710 2# - ADDED ENTRY--CORPORATE NAME |
| Corporate name or jurisdiction name as entry element |
Technical Centre for Agricultural and Rural Cooperation (Ede, Netherlands) |
| 942 ## - ADDED ENTRY ELEMENTS (KOHA) |
| Koha item type |
ADB |
| 952 ## - LOCATION AND ITEM INFORMATION (KOHA) |
| Withdrawn status [LOCAL, KOHA] |
0 |